LEADER 00867nam0-22002891i-450- 001 990005455030403321 005 20070619115731.0 035 $a000545503 035 $aFED01000545503 035 $a(Aleph)000545503FED01 035 $a000545503 100 $a19990604d1975----km-y0itay50------ba 101 0 $aita 105 $ay-------001yy 200 1 $a<>grandi scoperte geografiche e la nascita del colonialismo$fFrancesco Surdich 210 $aFirenze$cLa Nuova Italia$dc1975 215 $a135 p.$d20 cm 225 1 $aStrumenti$v21 676 $a910.9 700 1$aSurdich,$bFrancesco$f<1944- >$0129351 801 0$aIT$bUNINA$gRICA$2UNIMARC 901 $aBK 912 $a990005455030403321 952 $a910.9 SUR 1$bST.MED.MOD. 8079$fFLFBC 959 $aFLFBC 996 $aGrandi scoperte geografiche e la nascita del colonialismo$998633 997 $aUNINA LEADER 01612nam0 22003131i 450 001 SUN0034215 005 20110203083811.198 010 $a88-348-4478-5 100 $a20050318d2004 |0itac50 ba 101 $aita 102 $aIT 105 $a|||| ||||| 200 1 $aˆLa ‰riforma delle società$eaggiornamento commentato diritto sostanziale e processuale$eaggiornato con gli errata corrige e gli avvisi di rettifica pubblicati nelle G.U. 4 luglio 2003, n.153, 18 luglio 2003, n.165 e 9 settembre 2003, n.209, nonché con il d.lgs. 6 febbraio 2004, n.37$fa cura di Michele Sandulli, Vittorio Santoro, Bruno Sassani 210 $aTorino$cGiappichelli$dc2004 215 $aXXIX, 235 p.$d24 cm. 410 1$1001SUN0011453$12001 $aLe *nuove leggi del diritto dell'economia$fcollana diretta da Michele Sandulli e Vittorio Santoro$v6$1210 $aTorino$cGiappichelli. 606 $aSocietà commerciali$xRiforma$2FI$3SUNC011227 606 $aSocietà commerciali$xLegislazione$2FI$3SUNC012528 620 $dTorino$3SUNL000001 702 1$aSassani$b, Bruno$3SUNV000937 702 1$aSantoro$b, Vittorio$3SUNV005767 702 1$aSandulli$b, Michele$3SUNV008576 712 $aGiappichelli$3SUNV000045$4650 801 $aIT$bSOL$c20181109$gRICA 912 $aSUN0034215 950 $aUFFICIO DI BIBLIOTECA DEL DIPARTIMENTO DI GIURISPRUDENZA$d00 CONS VI.Eb.264 $e00 27016 995 $aUFFICIO DI BIBLIOTECA DEL DIPARTIMENTO DI GIURISPRUDENZA$h27016$kCONS VI.Eb.264$op$qa 996 $aRiforma delle società$9168112 997 $aUNICAMPANIA LEADER 01038nam--2200325---450- 001 990003309420203316 005 20090911145641.0 035 $a000330942 035 $aUSA01000330942 035 $a(ALEPH)000330942USA01 035 $a000330942 100 $a20090911d1980----km-y0itay50------ba 101 $aeng 102 $aUS 105 $a||||||||001yy 200 1 $aLogic circuits and microcomputer systems$fClaude A. Wiatrowski, Charles H. House 210 $aNew York$cMcGraw-Hill Book Company$dcopyr. 1980 215 $aXIV, 413 p.$cill. graf.$d24 cm 225 2 $aElectronics and electronic circuits 410 0$12001$aElectronics and electronic circuits 700 1$aWIATROWSKI,$bClaude A.$0605741 701 1$aHOUSE,$bCharles H.$0605742 801 0$aIT$bsalbc$gISBD 912 $a990003309420203316 951 $a621.381 WIA$b2848/CBS$c621.381$d00327130 959 $aBK 969 $aSCI 979 $aRSIAV6$b90$c20090911$lUSA01$h1456 996 $aLogic circuits and microcomputer systems$91122072 997 $aUNISA